1570 1488 1896 1958 1348 1911 1510 1464 1041 1647 1905 1609 1046 1981 1156 1537 1149 1405 1128 1687 1611 1914 1662 1691 1263 1805 1499 1410 1677 1944 1714 1560 1505 1908 1327 1109 1192 1059 1401 1558 1088 1831 1776 1132 1632 1285 1556 1208 1811 1696 1710 1076 1828 1756 1886 1893 1675 1561 1966 1903 1769 1943 1033 1387 1266 1982 1887 1878 1193 1944 1947 1052 1561 1072 1306 1123 1163 1399 1216 1040 1869 1459 1080 1471 1971 1352 1251 1539 1017 1337 1585 1397 1526 1945 1583 1226 1008 1207 1022 BCNSPRNW ULIB Ver.6.0+V

เปลี่ยนเป็นภาษาไทย

Change to English
 แสดงรายละเอียดบรรณานุกรม
  กลับหน้าหลัก

Brief Record : Get Marc (ISO 2709) : E-mail record : QR code < ปิดหน้าต่าง
LEADER : 00000nam 2200000uu 4500
001    13399110899
003     ULIB
008    110613s||||||||th 000 0 tha d
020    9748679241(ล.19)
050  4 AC158^bM111D ล.19 2005
100 0  Martina, Guido
245    ดิสนีย์ส (Disney s) โลกมหัศจรรย์ : ศิลปอดีตกาลถึงปัจจุบัน/ ^cผู้แปลและเรียบเรียง ศูนย์การแปล คณะอักษณศาสตร์ จุฬาลงกรณ์มหาวิทยาลัย ; บรรณาธิการ ชาญศักดิ์ พงษ์สุวรรณ
260    กรุงเทพฯ : ^bโกเลียร์อินเตอร์เนชั่นแนล, ^c2005
300    20 เล่ม : ^bภาพประกอบ ; ^c26 ซม.
592    Buddhist era
650  7 ความรู้ทั่วไป
700    ชาญศักดิ์ พงษ์สุวรรณ, ^eบรรณาธิการ
710    จุฬาลงกรณ์มหาวิทยาลัย. ^bคณะอักษรศาสตร์. ^bศูนย์การแปล
945    ^p850^l0^i023045
995    ทศพร
999 ^a ใช้งานได้ทุกระบบ
รายการนี้ยังไม่มีแท็ก
คุณยังไม่ได้ล็อกอิน คุณสามารถมีกิจกรรมร่วมกับเว็บไซต์ได้ แต่ต้องล็อกอินก่อน ::
  ล็อกอิน

รายการสื่อสารสนเทศ

ลำดับที่ ประเภท เลขเรียก/บาร์โค้ด สถานที่ สถานะ
- ไม่พบข้อมูล -

รายการใกล้เคียง
    ผู้แต่ง [Martina, Guido]

    หัวเรื่อง [ความรู้ทั่วไป]

BibComment


ยังไม่เคยถูกคอมเมนท์

คอมเมนท์ทรัพยากรรายการนี้
  คอมเมนท์: ดิสนีย์ส Disney s..


 Copyright 2026. Bcnsprnw @Library